Xin hun si nian = (Record no. 171640)

MARC details
000 -LEADER
fixed length control field 01422nam a22003497i 4500
005 - DATE AND TIME OF LATEST TRANSACTION
control field 20190321101128.0
008 - FIXED-LENGTH DATA ELEMENTS--GENERAL INFORMATION
fixed length control field 190311s2017 cc a c 000 fdchi d
020 ## - INTERNATIONAL STANDARD BOOK NUMBER
International Standard Book Number 9787564538170
Qualifying information paperback
Terms of availability RM38.50
040 ## - CATALOGING SOURCE
Original cataloging agency PPAK
Language of cataloging eng
Transcribing agency PPAK
Description conventions rda
041 1# - LANGUAGE CODE
Language code of text/sound track or separate title chi
Language code of original eng
082 04 - DEWEY DECIMAL CLASSIFICATION NUMBER
Classification number 813.52
Edition number 23
090 00 - LOCALLY ASSIGNED LC-TYPE CALL NUMBER (OCLC); LOCAL CALL NUMBER (RLIN)
Classification number (OCLC) (R) ; Classification number, CALL (RLIN) (NR) 813.52
Feature heading WIL
Feature heading K
100 1# - MAIN ENTRY--PERSONAL NAME
Linkage 880-01
Personal name Wilder, Laura Ingalls,
Dates associated with a name 1867-1957
Relator term author.
240 10 - UNIFORM TITLE
Uniform title The first four years.
Language of a work Chinese
245 10 - TITLE STATEMENT
Linkage 880-02
Title Xin hun si nian =
Remainder of title THE FIRST FOUR YEARS /
Statement of responsibility, etc. (mei) Luola. Ying ge si. Huai dezhe ; Yu Jia Wen yizhu
264 #1 - PRODUCTION, PUBLICATION, DISTRIBUTION, MANUFACTURE, AND COPYRIGHT NOTICE
Linkage 880-03
Place of production, publication, distribution, manufacture Zhengzhou :
Name of producer, publisher, distributor, manufacturer Zhengzhou daxue chuban she,
Date of production, publication, distribution, manufacture, or copyright notice 2017
300 ## - PHYSICAL DESCRIPTION
Extent 107 pages :
Other physical details illustrations ;
Dimensions 22 cm
336 ## - CONTENT TYPE
Source rdacontent
Content type term text
337 ## - MEDIA TYPE
Source rdamedia
Media type term unmediated
338 ## - CARRIER TYPE
Source rdacarrier
Carrier type term volume
490 1# - SERIES STATEMENT
Linkage 880-04
Series statement Xiao muwu de gushi congshu
650 10 - SUBJECT ADDED ENTRY--TOPICAL TERM
Topical term or geographic name entry element American fiction
General subdivision Translations into Chinese
700 1# - ADDED ENTRY--PERSONAL NAME
Linkage 880-05
Personal name Yu, Jia Wen,
Relator term translator.
830 #0 - SERIES ADDED ENTRY--UNIFORM TITLE
Linkage 880-06
Uniform title Xiao muwu de gushi congshu
880 1# - ALTERNATE GRAPHIC REPRESENTATION
Linkage 100-01/$1
a 怀德, 罗拉 .英格斯,
b 1867-1957
e author.
Linkage 245-02/$1
a 新婚四年 =
b THE FIRST FOUR YEARS /
c (美)罗拉.英格斯.怀德著;于嘉雯译著
Linkage 264-03/$1
a 郑州 :
b 郑州大学出版社,
c 2017
Linkage 490-04/$1
a 小木屋的故事丛书
Linkage 700-05/$1
a 于嘉雯,
e translator.
Linkage 830-06/$1
a 小木屋的故事丛书
942 ## - ADDED ENTRY ELEMENTS (KOHA)
Source of classification or shelving scheme Dewey Decimal Classification
Koha item type Book
Holdings
Withdrawn Not for loan Current library Shelving location Date acquired Total Checkouts Full call number Barcode Date last seen Date last checked out Koha item type
    Perpustakaan Alor Setar Pinjaman Kanak-kanak 28/03/2019 1 K 813.52 WIL A01596149 07/09/2019 15/08/2019 Book
    Perpustakaan Awam Sungai Petani Pinjaman Kanak-kanak 28/03/2019   K 813.52 WIL A01596150 28/03/2019   Book